000
00335nam a2200133Ia 4500
008
220216s9999 xx 000 0 und d
100
_a
Mila A L
245
0
_a
Bayesian analysis in plant pathology
260
_b
Phytopathology
_c
2004
300
_a
1027-1030
650
_a
Bayesian methdology
700
_a
Carriquiry A L
942
_c
JS
999
_c
54674
_d
54674